Greek Mythology - Hard - Statistics

General Stats
  • This quiz has been taken 120 times
  • The average score is 8 of 30
Answer Stats
Hint Answer % Correct
Personification of time Chronos
86%
The river of hate Styx
77%
The daimon ferryman Charon
67%
God of fear Phobos
64%
The river of forgetfulness Lethe
46%
Mother of Hermes Maia
40%
The Fatal Flaw of greek heroes Hubris
38%
The river of woe Acheron
32%
Mother of Circe and Pasiphae Perse
32%
Personification of day Hemera
31%
Goddes of ghost, nightmares Melinoe
31%
Artemis and Apollo birth place Delos
29%
The "First Dionysus" Zagreus
29%
Titaness of motherhood Leto
27%
Godsess of blessed death Macaria
22%
The river of fire Phlegethon
22%
He is the main greek psychopomp Thanatos
22%
His punishment Burning wheel Ixion
20%
The river of wailing Cocytus
19%
Goddess of force., might Bia
12%
Goddess of war Enyo
11%
Styx spouse Pallas
11%
"Highest form of love" Agape
10%
Personification of necessity Ananke
10%
Base of the titans Mount Othrys
9%
Goddess of rabies Lyssa
7%
Son of Acheron and Orphne Ascalaphus
4%
Orphic:was born from cosmic egg Phanes
3%
First ruler of olympus Eurynome
2%
Her husband Ophion
1%
No matching quizzes found
Score Distribution
Percent of People with Each Score
Percentile by Number Answered
Your Score History
You have not taken this quiz